00648nam a2200181 a 450000100100000000500170001000800410002704000250006808200210009310000340011424500650014825000160021326000720022930000200030104900090032195201190033099900170044900002898120200930055245.0110413s1983 dr 000 e spa d aDO-SdBNPbspacBNPHU axxxbS232c, 19831 aSantana, Julio César93608613aEl camino de la juventud :bensayo /cJulio César Santana. a3a ed. rev. aSan Pedro de Macorís, República Dominicana :bImp. Olga,c1983. a24 p. ;c21 cm. aBNPD 0010718PDaPDbPDcCTd2011-04-13iLF1l0oxxx S232c, 1983p28981-10r2020-06-25w2020-06-25yLFPDZNo se presta c28473d28473